Statistiken für Ludwig van Beethoven - Quiz

Klicken Sie hier um das Quiz zu spielen!

Allgemein

  • Dieses Quiz wurde 42 mal gespielt
  • Das Durchschnittsergebnis liegt bei 5 aus 15

Antwortstatistiken

FrageAntwort% Korrekt
Welche Behinderung hatte er?schwerhörig, taub
92%
Wo ist Beethoven gestorben?Wien
84%
Wo ist Beethoven geboren?Bonn
81%
Wie viele Geschwister hatte Ludwig?6
65%
Welches war Beethovens bekanntestes Stück?Für Elise
46%
Wo liegt Beethovens Geburtshaus?Bonngasse 22-24
30%
Wo liegt sein Grab?Wiener Zentralfriedhof
27%
Wann wurde Beethoven geboren?17.12.1770
16%
Wann ist Beethoven gestorben?26.03.1827
11%
Wie heißt Beethovens VaterJohann van Beethoven
11%
In welchem Alter ist Beethoven gestorben?56 Jahre
5%
Was war seine erste Sinfonie?C-Dur op. 21
5%
Wie heißt seine Mutter?Maria Magdalena van Beethoven
5%
Wann wurde Für Elise komponiert?27.04.1810
0%
Mit wie viel Jahren wurde Beethoven taub?mit 48 Jahren
0%

Verteilung der Resultate

Perzentil nach korrekt beantworteten Fragen

Anzahl Personen mit jedem Resultat

Ihre Resultats-Entwicklung

Sie haben dieses Quiz noch nicht gespielt